Personal Computers for the Successful Small Business (Record no. 722)
[ view plain ]
| 000 -LEADER | |
|---|---|
| fixed length control field | 01738cam a22002054a 4500 |
| 005 - ΗΜΕΡΟΜΗΝΙΑ ΚΑΙ ΩΡΑ ΤΕΛΕΥΤΑΙΑΣ ΕΝΗΜΕΡΩΣΗΣ | |
| Πεδίο ελέγχου | 20250605163944.0 |
| 008 - FIXED-LENGTH DATA ELEMENTS--GENERAL INFORMATION | |
| Πεδίο ελέγχου σταθερού μήκους | 250528s ||||||||||||||||||||||||d |
| 035 ## - SYSTEM CONTROL NUMBER | |
| System control number | 15127 |
| 020 ## - ISBN | |
| ISBN | 25518704 |
| 040 ## - ΠΗΓΗ ΚΑΤΑΛΟΓΟΓΡΑΦΗΣΗΣ | |
| Φορέας πρωτότυπης καταλογογράφησης | MC Athens Campus Library |
| Γλώσσα καταλογογράφησης | Ελληνικά, Μοντέρνα (1453-) |
| Modifying agency | MC Athens Campus Library |
| Κανόνες περιγραφικής καταλογογράφησης | AACR2 |
| 245 1# - ΤΙΤΛΟΣ ΚΑΙ ΔΗΛΩΣΗ ΥΠΕΥΘΥΝΟΤΗΤΑΣ | |
| Τίτλος | Personal Computers for the Successful Small Business |
| 260 ## - PUBLICATION, DISTRIBUTION, ETC. | |
| Name of publisher, distributor, etc. | Macmillan Publishing Company, |
| Date of publication, distribution, etc. | 1984 |
| 300 ## - PHYSICAL DESCRIPTION | |
| Extent | 204 |
| 505 0# - FORMATTED CONTENTS NOTE | |
| Formatted contents note | Introduction, Evaluating Today's Compuiter Hardware, Understanding the Hardware, Hardware Specifications and Features: What They Mean to You, Peripherals That Work Wonders, Multi-User Systems and Local Area Networks, Business Software: The Heart of the Matter, How to Be Your Own Software Consultant, Making Life Easy with Software: Six Features to Look For, Buyer's Guide to Business Software, Buying and Installing Your System, How to Buy Your Personal Computer System, Getting Started the Right Way, Reviews of Personal and Portable and Multi-User Computers, How to Use the Computer Reviews, Appendices, Index. |
| 520 ## - SUMMARY, ETC. | |
| Summary, etc. | Introduction, Evaluating Today's Compuiter Hardware, Understanding the Hardware, Hardware Specifications and Features: What They Mean to You, Peripherals That Work Wonders, Multi-User Systems and Local Area Networks, Business Software: The Heart of the Matter, How to Be Your Own Software Consultant, Making Life Easy with Software: Six Features to Look For, Buyer's Guide to Business Software, Buying and Installing Your System, How to Buy Your Personal Computer System, Getting Started the Right Way, Reviews of Personal and Portable and Multi-User Computers, How to Use the Computer Reviews, Appendices, Index. |
| 700 1# - ΠΡΟΣΘΕΤΗ ΑΝΑΓΡΑΦΗ--ΦΥΣΙΚΟ ΠΡΟΣΩΠΟ | |
| Personal name | Hockney Donald |
| 9 (RLIN) | 977 |
| 942 ## - ADDED ENTRY ELEMENTS (KOHA) | |
| Koha item type | Books |
| Τύπος τεκμηρίου | Βιβλιοθήκη | Τρέχουσα τοποθεσία | Barcode | Αριθμός εισαγωγής | Ημερομηνία απόκτησης | Ταξιθετικό σύμβολο | Αριθμός αντιτύπου | Κατάσταση απόσυρσης | Κατάσταση χαμένου | Κατάσταση κατεστραμμένου | Μη δανεισμός | Σύνολο δανεισμών | Ημερομηνία τελευταίας εμφάνισης | Η τιμή ισχύει από |
|---|---|---|---|---|---|---|---|---|---|---|---|---|---|---|
| Books | MC Athens Campus Library | MC Athens Campus Library | 9780000007216 | 1357 | 05/06/2025 | 658/.022/02854 HOC | 1 | 05/06/2025 | 05/06/2025 |